| 000 | 00318 a2200109 4500 | ||
|---|---|---|---|
| 020 | _a9788178845 | ||
| 082 | _a333.91 BAL | ||
| 100 | _aBallagh,P | ||
| 245 |
_aModern Techniques in Watershed Management : its uses and effects _cP. Ballagh |
||
| 260 |
_aNew Delhi : _cCyber Tech Pub, _b2010 |
||
| 300 |
_a272p. : _c25 cm |
||
| 650 | _awatershed management | ||
| 999 |
_c905 _d905 |
||